Superior Spider-Man Villains by Picture - Statistics

General Stats
  • This quiz has been taken 47 times
  • The average score is 8 of 14
Answer Stats
Picture Answer % Correct
Vulture
97%
Green Goblin
95%
Kingpin
87%
Hobgoblin
69%
Scorpion
69%
Morlun
54%
Screwball
54%
Spider-Slayer
51%
Cardiac
49%
Jester
44%
Sinister Six
31%
Massacre
23%
Stunner
23%
Karn
18%
No matching quizzes found
Score Distribution
Percent of People with Each Score
Percentile by Number Answered
Your Score History
You have not taken this quiz